Представление документа в формате MARC21

Поле Инд. ПП Название Значение
Тип записи a
Библиографический уровень a
001 Контрольный номер RU/IS/BASE/453462278
005 Дата корректировки 20140515094438.5
040 a Служба первич. каталог. НБ ТвГУ
b Код языка каталог. rus
e Правила каталог. PSBO
041 0_ a Код языка текста rus
100 1_ a Автор Куприянова Наталья Эрастовна
q Полное имя Куприянова Н. Э.
245 10 a Заглавие К вопросу о преемственности форм Владимиро-Суздальского домонгольского декора в церковной архитектуре XIV - первой половины XV века
260 a Место издания Тверь
b Издательство Тверской государственный университет
c Дата издания 2003
504 a Библиография Библиогр.: с. 153-154 (30 назв.)
520 a Аннотация Рассматривая Тверское и Московское зодчество времен татаро-монгольского ига, можно отметить характерную схожесть церквей XIV-XV вв. с домонгольскими храмами Владимиро-Суздальской земли. В статье анализируется ряд искусствоведческих вопросов, связанных с церковной архитектурой средневековой Руси.
653 a Ключевые слова Церковь
653 1_ a Ключевые слова Архитектура
653 1_ a Ключевые слова Церковная архитектура
653 1_ a Ключевые слова Владимиро-Суздальское княжество
653 1_ a Ключевые слова Московское княжество
653 1_ a Ключевые слова Тверское княжество
653 1_ a Ключевые слова Преемственность традиций
773 08 w Контрольный № источника 70a43f43-4eca-4e8b-850c-da8b79c08f6b
t Название источника Православие: история, традиции и современность
d Место и дата издания Тверь : Тверской государственный университет, 2003
g Прочая информация Вып. 2. - С. 147-154
901 t Тип документа a
920 a Оператор Корж